[Event "RUS-chT B4 corr"]
[Site "Russia"]
[Date "1996.??.??"]
[Round "?"]
[White "Baranov, Vladimir Sergeevich"]
[Black "Maksimov, Anatoly S"]
[Result "1-0"]
[WhiteElo "2390"]
[BlackElo "2043"]
[PlyCount "42"]
[EventDate "1996.??.??"]
[EventType "team-tourn (corr)"]
[EventRounds "18"]
[EventCountry "RUS"]
[SourceTitle "Corr 2011"]
[Source "ChessBase"]
[SourceDate "2010.08.31"]
[SourceVersion "1"]
[SourceVersionDate "2010.08.31"]
[SourceQuality "1"]

1. e4 c5 2. Nf3 d6 3. d4 cxd4 4. Nxd4 Nf6 5. f3 Nc6 6. c4 e6 7. Nc3 Be7 8. Be3 0-0 9. Nxc6 bxc6 10. Bd3 Rb8 11. Qd2 Qc7 12. 0-0 Rd8 13. Qf2 a6 14. Rac1 Bd7 15. b3 Qa5 16. c5 d5 17. e5 Ne8 18. Na4 Qc7 19. f4 Ra8 20. Nb6 Ra7 21. f5 f6 1-0

[Event "RUS-chT B4 corr"]
[Site "Russia"]
[Date "1996.??.??"]
[Round "?"]
[White "Bobrov, Vladimir Nikolaevic"]
[Black "Maksimov, Anatoly S"]
[Result "1-0"]
[WhiteElo "2548"]
[BlackElo "2043"]
[PlyCount "53"]
[EventDate "1996.??.??"]
[EventType "team-tourn (corr)"]
[EventRounds "18"]
[EventCountry "RUS"]
[SourceTitle "Corr 2011"]
[Source "ChessBase"]
[SourceDate "2010.08.31"]
[SourceVersion "1"]
[SourceVersionDate "2010.08.31"]
[SourceQuality "1"]

1. e4 c5 2. Nf3 d6 3. d4 cxd4 4. Qxd4 Nc6 5. Bb5 Bd7 6. Bxc6 Bxc6 7. Nc3 Nf6 8. Bg5 e6 9. 0-0-0 Be7 10. Rhe1 0-0 11. Kb1 Qc7 12. Qd2 Rfd8 13. Nd4 Rac8 14. f3 h6 15. Be3 d5 16. e5 Nd7 17. f4 Bb4 18. a3 Bxc3 19. Qxc3 Nb6 20. b3 Bd7 21. Qd3 Qc3 22. Qe2 Qc7 23. Bc1 Re8 24. Qh5 a5 25. Rd3 a4 26. Rg3 axb3 27. Qxh6 1-0

[Event "RUS-chT B4 corr"]
[Site "Russia"]
[Date "1996.??.??"]
[Round "?"]
[White "Maksimov, Anatoly S"]
[Black "Fatfulin, Evgeny Musherovich"]
[Result "0-1"]
[WhiteElo "2043"]
[BlackElo "2396"]
[PlyCount "42"]
[EventDate "1996.??.??"]
[EventType "team-tourn (corr)"]
[EventRounds "18"]
[EventCountry "RUS"]
[SourceTitle "Corr 2011"]
[Source "ChessBase"]
[SourceDate "2010.08.31"]
[SourceVersion "1"]
[SourceVersionDate "2010.08.31"]
[SourceQuality "1"]

1. Nf3 Nf6 2. c4 g6 3. b4 Bg7 4. Bb2 0-0 5. g3 c6 6. a4 d5 7. Na3 Qb6 8. Qb3 Na6 9. Rb1 Ne4 10. e3 Bxb2 11. Rxb2 c5 12. b5 Qf6 13. Bg2 Bg4 14. bxa6 Bxf3 15. Bxf3 Qxf3 16. 0-0 Ng5 17. h4 Nh3+ 18. Kh2 Nxf2 19. Rg1 bxa6 20. cxd5 Rad8 21. Nc4 Rxd5 0-1